00848nam a2200253 a 4500001001300000003000900013005001700022008004100039020001000080082001800090100002200108245003200130260003700162300000800199500003500207505004000242650004000282700002200322902000800344942000700352952012200359952009800481999001500579nice12345678IN_TiNIC20260116011531.0050524s1964 lona grp 000 0 eng  ac10000a291.172bPAN1 aPanikkar, Raymond aUnknown Christ of Hinduism. aLondonbDarton and Longmanc1964 a163 aincludes index and biblioraphy2 aIndex, Printed by C.Foster, Madras. aReconciliation-Interfaith Hindu Chr1 aPanikkar, Raymond bSRS cBK 00104070aHMIbHMId0000-00-00g100.00l4o291.172 PAN1p03243q2026-03-24r2026-03-10s2026-03-10w2026-01-16yEB 00104070aHMIbHMId0000-00-00g100.00l0o291.172 PAN1p08688r0000-00-00w2026-01-16yBK c2399d2399